[Event "Frankfurter Stadtmeisterschaft 2005"]
[Site "Ffm-Kalbach, LAZ"]
[Date "2005.04.25"]
[Round "1"]
[White "Schlamp, Robert"]
[Black "Pliss, Viktor"]
[Result "1-0"]
[WhiteElo "2290"]
[BlackElo "1777"]
[PlyCount "87"]
[EventDate "2005.??.??"]

1. c4 d6 2. Nc3 e5 3. Nf3 f5 4. d4 e4 5. Ng5 h6 6. Nh3 Nf6 7. Nf4 Kf7 8. h4 h5
9. e3 c6 10. Be2 g6 11. f3 Be7 12. Qc2 d5 13. cxd5 cxd5 14. Nfxd5 Nxd5 15. Nxd5
Bxh4+ 16. Kf1 Nc6 17. Bd2 Kg7 18. Nb4 Bd7 19. fxe4 fxe4 20. Qxe4 Rf8+ 21. Bf3
Bg3 22. d5 Nxb4 23. Bxb4 Rf7 24. Bc3+ Kh6 25. Kg1 Bf5 26. Qd4 Qd7 27. Rf1 Raf8
28. Bb4 Re8 29. Bd2 Be5 30. e4+ Kg7 31. Qe3 Bg4 32. Bc3 Bxf3 33. Rxf3 Rfe7 34.
Rxh5 gxh5 35. Qg5+ Kh7 36. Qxh5+ Kg8 37. Bxe5 Rxe5 38. Rg3+ Kf8 39. Qh8+ Ke7
40. Qxe5+ Kd8 41. Qb8+ Ke7 42. Rg7+ Kf6 43. Rxd7 Rxb8 44. Kf2 1-0

[Event "Frankfurter Stadtmeisterschaft 2005"]
[Site "Ffm-Kalbach, LAZ"]
[Date "2005.04.25"]
[Round "1"]
[White "Kolko, Robert"]
[Black "Reschke, Stefan"]
[Result "0-1"]
[WhiteElo "1767"]
[BlackElo "2285"]
[PlyCount "64"]
[EventDate "2005.??.??"]

1. d4 Nf6 2. Bg5 e6 3. e4 h6 4. Bxf6 Qxf6 5. e5 Qd8 6. Bd3 d5 7. f4 c5 8. c3
Nc6 9. Bb5 Qb6 10. Bxc6+ bxc6 11. Qb3 cxd4 12. Qxb6 axb6 13. cxd4 g5 14. Ne2
Ba6 15. Nbc3 c5 16. Na4 Bxe2 17. Nxb6 Ra6 18. Nxd5 exd5 19. Kxe2 cxd4 20. Rhd1
Kd7 21. Rxd4 Ke6 22. g3 Bc5 23. Rd3 Rb8 24. b3 d4 25. Kf3 gxf4 26. gxf4 Kd5 27.
a3 Rxa3 28. Rxa3 Bxa3 29. Kg4 Ke4 30. Rh3 d3 31. Rxh6 d2 32. Rd6 Bxd6 0-1

[Event "Frankfurter Stadtmeisterschaft 2005"]
[Site "Ffm-Kalbach, LAZ"]
[Date "2005.04.25"]
[Round "1"]
[White "Ortmann, David"]
[Black "Kinski, Sven"]
[Result "1-0"]
[WhiteElo "2279"]
[BlackElo "1765"]
[PlyCount "53"]
[EventDate "2005.??.??"]

1. Nf3 g6 2. c4 Bg7 3. e4 d6 4. d4 Nc6 5. d5 Ne5 6. Nxe5 Bxe5 7. Be2 e6 8. Nc3
Bg7 9. O-O Ne7 10. Be3 O-O 11. Rc1 f5 12. Qd2 b6 13. dxe6 Bxe6 14. Bg5 Bf6 15.
Bh6 Rf7 16. Nd5 Bxd5 17. exd5 Qd7 18. Rfe1 Re8 19. Bf3 Nc8 20. Re6 Ne7 21. Rce1
b5 22. Qb4 bxc4 23. Qxc4 Bxb2 24. Bd1 c6 25. dxc6 Qc7 26. Bb3 Be5 27. R6xe5 1-0

[Event "Frankfurter Stadtmeisterschaft 2005"]
[Site "Ffm-Kalbach, LAZ"]
[Date "2005.04.25"]
[Round "1"]
[White "Rotermund, Verena"]
[Black "Solonar, Stefan"]
[Result "0-1"]
[WhiteElo "1762"]
[BlackElo "2257"]
[PlyCount "76"]
[EventDate "2005.??.??"]

1. e4 c5 2. Nc3 Nc6 3. f4 g6 4. Nf3 Bg7 5. Bc4 e6 6. f5 Nge7 7. fxe6 fxe6 8. d3
d5 9. Bb3 b5 10. exd5 exd5 11. a3 c4 12. Ba2 Bg4 13. O-O O-O 14. h3 Qb6+ 15.
Kh1 Bxf3 16. gxf3 Rad8 17. Bg5 Bf6 18. Bxf6 Rxf6 19. Qe2 Nf5 20. Qh2 Ne3 21.
Rf2 Nd4 22. f4 Kg7 23. Re1 Re6 24. Nd1 Ng4 25. Rxe6 Nxf2+ 26. Qxf2 Nxe6 27. Qh4
Rf8 28. Qe1 Nxf4 29. dxc4 dxc4 30. Qe5+ Qf6 31. Qxb5 Nxh3 32. Qd7+ Rf7 33. Qxh3
Qf1+ 34. Kh2 Qe2+ 35. Qg2 Qxd1 36. Bxc4 Qh5+ 37. Kg3 Qe5+ 38. Kh3 Qe3+ 0-1

[Event "Frankfurter Stadtmeisterschaft 2005"]
[Site "Ffm-Kalbach, LAZ"]
[Date "2005.04.25"]
[Round "1"]
[White "Malek, Daniel"]
[Black "Ickert, Bernd"]
[Result "1-0"]
[WhiteElo "2254"]
[BlackElo "1755"]
[PlyCount "43"]
[EventDate "2005.??.??"]

1. d4 Nf6 2. c4 g6 3. Nc3 Bg7 4. e4 d6 5. Nf3 O-O 6. Be2 e5 7. O-O Nbd7 8. Be3
c6 9. d5 Qc7 10. Nd2 Ne8 11. b4 f5 12. f3 f4 13. Bf2 Ndf6 14. c5 g5 15. Nc4 h5
16. dxc6 bxc6 17. cxd6 Qd8 18. Nxe5 Nxd6 19. Nxc6 Qc7 20. Nd5 Nxd5 21. Qxd5+
Kh8 22. Rac1 1-0

[Event "Frankfurter Stadtmeisterschaft 2005"]
[Site "Ffm-Kalbach, LAZ"]
[Date "2005.04.25"]
[Round "1"]
[White "Arvin, Manutcher"]
[Black "Röschlau, Bernd"]
[Result "1/2-1/2"]
[WhiteElo "1753"]
[BlackElo "2190"]
[PlyCount "148"]
[EventDate "2005.??.??"]

1. e4 c5 2. Nf3 d6 3. d4 cxd4 4. Nxd4 Nf6 5. Nc3 a6 6. Be2 e6 7. O-O Be7 8. Be3
O-O 9. a4 Nc6 10. Nb3 Qc7 11. f4 Re8 12. a5 Bf8 13. Bb6 Qb8 14. Ra4 Nd7 15. Be3
b5 16. axb6 Nxb6 17. Ra1 Qc7 18. Qd2 Bb7 19. Rfd1 d5 20. exd5 exd5 21. Bf3 Nc4
22. Nxd5 Nxd2 23. Nxc7 Nxf3+ 24. gxf3 Rxe3 25. Nxa8 Bxa8 26. Rxa6 Re8 27. Rda1
Bb7 28. Rb6 Nd8 29. Kf2 Be7 30. Kg3 h5 31. h4 Bf6 32. Nc5 Bd4 33. Rxb7 Nxb7 34.
Nxb7 Bxb2 35. Nd6 Rd8 36. Ra6 Bc3 37. Ne4 Be1+ 38. Kh3 Rc8 39. c3 Bxc3 40. Nxc3
Rxc3 41. Kg3 Kh7 42. Rd6 f6 43. Re6 Kg6 44. Rb6 Rc5 45. Rb4 Kf5 46. Ra4 Rc1 47.
Ra5+ Kg6 48. f5+ Kh7 49. Kg2 Re1 50. Kf2 Re7 51. Rb5 Kg8 52. Ra5 Kf7 53. Rb5
Ra7 54. Kg3 Rc7 55. Ra5 Kg8 56. Ra8+ Kh7 57. Ra5 Rc4 58. Rb5 Rc8 59. Ra5 Kg8
60. Rb5 Re8 61. Ra5 Kf7 62. Kf4 Rb8 63. Kg3 Rc8 64. Rb5 Kg8 65. Ra5 Kh7 66. Rb5
Rc2 67. Ra5 Re2 68. Kf4 Rb2 69. Kg3 Rb3 70. Rc5 Kg8 71. Ra5 Kf8 72. Kf4 Rb4+
73. Kg3 Kg8 74. Ra8+ Kh7 {...} 1/2-1/2

[Event "Frankfurter Stadtmeisterschaft 2005"]
[Site "Ffm-Kalbach, LAZ"]
[Date "2005.04.25"]
[Round "1"]
[White "Brüggemann, Ludger"]
[Black "Noble, Fabian"]
[Result "0-1"]
[WhiteElo "2187"]
[BlackElo "1728"]
[PlyCount "60"]
[EventDate "2005.??.??"]

1. e4 d6 2. d4 Nf6 3. f3 e6 4. c4 Be7 5. Nc3 Nbd7 6. Be3 O-O 7. Nge2 b6 8. Qd2
Bb7 9. O-O-O a6 10. g4 b5 11. Ng3 c5 12. cxb5 cxd4 13. Bxd4 d5 14. e5 Ne8 15.
Kb1 Qb8 16. Qe3 axb5 17. Bxb5 Bc8 18. f4 Ra5 19. Bxd7 Bxd7 20. Bb6 Ra6 21. Bc5
Bxc5 22. Qxc5 Nc7 23. f5 Rc8 24. Qe3 Bb5 25. f6 Bc4 26. Rd2 Qb4 27. Qg5 Ne8 28.
Nge2 Bxe2 29. Nxe2 Qe4+ 30. Ka1 Qxh1+ 0-1

[Event "Frankfurter Stadtmeisterschaft 2005"]
[Site "Ffm-Kalbach, LAZ"]
[Date "2005.04.25"]
[Round "1"]
[White "Larem, Peter"]
[Black "Sadeghi, Behrang"]
[Result "1-0"]
[WhiteElo "1724"]
[BlackElo "2183"]
[PlyCount "82"]
[EventDate "2005.??.??"]

1. e4 e6 2. d4 d5 3. Nc3 Nf6 4. Bg5 Be7 5. e5 Nfd7 6. h4 h6 7. Bxe7 Qxe7 8. Qg4
Qf8 9. Nb5 Na6 10. O-O-O Nb6 11. Bd3 Bd7 12. f4 Nc4 13. Bxc4 dxc4 14. Nc3 b5
15. Qf3 Rb8 16. d5 b4 17. dxe6 fxe6 18. Ne4 Qf7 19. Ne2 O-O 20. g4 Kh8 21. Ng5
Qe8 22. Qe4 hxg5 23. hxg5+ Kg8 24. Qh7+ Kf7 25. g6+ Ke7 26. Qh4+ Rf6 27. exf6+
gxf6 28. Qh7+ Kd8 29. Rxd7+ Kc8 30. Rhd1 Kb7 31. Re7 Qa4 32. Qh1+ Kb6 33. Rxe6+
c6 34. Qg1+ Nc5 35. Rdd6 Rc8 36. Rxf6 Qxa2 37. Qd4 c3 38. Qxb4+ Kc7 39. Rxc6+
Kd7 40. Qd4+ Ke7 41. Qxc5+ Kd7 1-0

[Event "Frankfurter Stadtmeisterschaft 2005"]
[Site "Ffm-Kalbach, LAZ"]
[Date "2005.04.25"]
[Round "1"]
[White "Wendel, Stephan"]
[Black "Kasper, Werner"]
[Result "1-0"]
[WhiteElo "2153"]
[BlackElo "1716"]
[PlyCount "53"]
[EventDate "2005.??.??"]

1. e4 e5 2. Nf3 Nf6 3. Nxe5 d6 4. Nf3 Nxe4 5. Nc3 Nxc3 6. dxc3 Be7 7. Bf4 Nd7
8. Qd2 Nf6 9. O-O-O Bg4 10. Be2 Qd7 11. h3 Be6 12. Nd4 O-O 13. Kb1 Qa4 14. c4
Bd7 15. g4 Bc6 16. f3 Nd7 17. g5 Rfe8 18. h4 Bf8 19. h5 Ne5 20. Qc3 d5 21. b3
Qa3 22. cxd5 Bb4 23. Qa1 Bd7 24. Nb5 Qa5 25. Bxe5 Rxe5 26. Qxe5 Bxb5 27. Bxb5
1-0

[Event "Frankfurter Stadtmeisterschaft 2005"]
[Site "Ffm-Kalbach, LAZ"]
[Date "2005.04.25"]
[Round "1"]
[White "Trierweiler, Joachim"]
[Black "Schlesinger, Omri"]
[Result "0-1"]
[WhiteElo "1707"]
[BlackElo "2116"]
[PlyCount "63"]
[EventDate "2005.??.??"]

1. e4 e5 2. Nf3 Nc6 3. Bb5 f5 4. O-O fxe4 5. Bxc6 dxc6 6. Nxe5 Qh4 7. d4 Bd6 8.
f4 exf3 9. Nxf3 Qh5 10. Ne5 Qxd1 11. Rxd1 Bf5 12. Bg5 Nf6 13. Na3 Bxa3 14. bxa3
Bxc2 15. Rd2 Ba4 16. Bxf6 gxf6 17. Ng4 O-O 18. Re2 f5 19. Nh6+ Kg7 20. Re6 Bc2
21. g4 fxg4 22. Nxg4 Rf4 23. Ne5 Kh8 24. h3 Rg8+ 25. Ng4 Rxd4 26. Rae1 Bf5 27.
Rh6 Bxg4 28. hxg4 Rgxg4+ 29. Kh2 Rh4+ 30. Rxh4 Rxh4+ 31. Kg3 Ra4 32. Re8+ 0-1

[Event "Frankfurter Stadtmeisterschaft 2005"]
[Site "Ffm-Kalbach, LAZ"]
[Date "2005.04.25"]
[Round "1"]
[White "Uwira, Oliver"]
[Black "Enders, Georg"]
[Result "1-0"]
[WhiteElo "2112"]
[BlackElo "1707"]
[PlyCount "37"]
[EventDate "2005.??.??"]

1. d4 Nf6 2. Bg5 Ne4 3. Bf4 d5 4. e3 e6 5. Bd3 Nf6 6. Nf3 Bd6 7. Ne5 O-O 8. Nd2
c5 9. c3 Nc6 10. Bg3 cxd4 11. exd4 Bc7 12. f4 Bd7 13. O-O a6 14. Bh4 Bd6 15.
Bxf6 gxf6 16. Bxh7+ Kxh7 17. Qh5+ Kg7 18. Rf3 Nxe5 19. fxe5 1-0

[Event "Frankfurter Stadtmeisterschaft 2005"]
[Site "Ffm-Kalbach, LAZ"]
[Date "2005.04.25"]
[Round "1"]
[White "Busic, Nedjeljko"]
[Black "Dages, Rolf Hermann"]
[Result "1-0"]
[WhiteElo "1857"]
[BlackElo "1366"]
[PlyCount "55"]
[EventDate "2005.??.??"]

1. e4 c5 2. Nf3 Nc6 3. d4 cxd4 4. Nxd4 Nf6 5. Nc3 a6 6. Be3 e5 7. Nb3 Bb4 8.
Bd3 d5 9. exd5 e4 10. dxc6 exd3 11. cxd3 Qd6 12. h3 O-O 13. O-O Qxc6 14. Rc1
Bf5 15. Ne4 Qe6 16. Nd4 Qe5 17. Qb3 Bxe4 18. dxe4 Bd6 19. Nf3 Qxe4 20. Rfd1
Rfd8 21. Rc4 Qe7 22. Re1 b5 23. Rh4 Nd5 24. Bg5 Qf8 25. Bxd8 Rxd8 26. g3 Bb4
27. Rd1 Qc5 28. Rxb4 1-0

[Event "Frankfurter Stadtmeisterschaft 2005"]
[Site "Ffm-Kalbach, LAZ"]
[Date "2005.04.25"]
[Round "1"]
[White "Mahnke, Ralf"]
[Black "Diekmann, HaJo"]
[Result "1/2-1/2"]
[WhiteElo "1702"]
[BlackElo "2110"]
[PlyCount "69"]
[EventDate "2005.??.??"]

1. d4 Nf6 2. c4 g6 3. Nc3 d5 4. cxd5 Nxd5 5. e4 Nxc3 6. bxc3 Bg7 7. Bc4 c5 8.
Ne2 O-O 9. O-O Nd7 10. Be3 Qa5 11. Qd2 Rd8 12. Rfd1 Ne5 13. Bb3 Bg4 14. Kf1
cxd4 15. cxd4 Bxe2+ 16. Qxe2 Nc6 17. Qc4 e6 18. Rac1 Qh5 19. h3 Na5 20. Qc5
Qxc5 21. Rxc5 Nxb3 22. axb3 Rd7 23. d5 Rad8 24. Rdc1 b6 25. dxe6 fxe6 26. Rc8
Rxc8 27. Rxc8+ Kf7 28. Ke2 Be5 29. b4 Kf6 30. b5 Bd4 31. Rc4 Ke5 32. f3 h5 33.
Ra4 Bc3 34. Rc4 Bb2 35. f4+ 1/2-1/2

[Event "Frankfurter Stadtmeisterschaft 2005"]
[Site "Ffm-Kalbach, LAZ"]
[Date "2005.04.25"]
[Round "1"]
[White "Bittner, Peter"]
[Black "Schiffer, Steve"]
[Result "1-0"]
[WhiteElo "1700"]
[BlackElo "2054"]
[PlyCount "57"]
[EventDate "2005.??.??"]

1. e4 g6 2. Nf3 Bg7 3. d4 d6 4. Bc4 Nf6 5. Nc3 O-O 6. O-O Nxe4 7. Bxf7+ Rxf7 8.
Nxe4 c6 9. h3 Na6 10. c3 Nc7 11. Be3 Bf5 12. Nfg5 Rf8 13. Qb3+ d5 14. Ng3 Bd7
15. Rae1 e5 16. dxe5 Bxe5 17. f4 Bg7 18. Qc2 Qf6 19. Nh5 Qd8 20. Nxg7 Kxg7 21.
Bd4+ Kg8 22. Re5 Re8 23. Nxh7 Bf5 24. Rxf5 gxf5 25. Qxf5 Re6 26. Qg4+ Kf7 27.
f5 Rd6 28. Qg7+ Ke8 29. Re1+ 1-0

[Event "Frankfurter Stadtmeisterschaft 2005"]
[Site "Ffm-Kalbach, LAZ"]
[Date "2005.04.25"]
[Round "1"]
[White "Kaliski, Erwin"]
[Black "Djakow, Alexander"]
[Result "1/2-1/2"]
[WhiteElo "2037"]
[BlackElo "1699"]
[PlyCount "54"]
[EventDate "2005.??.??"]

1. e4 e5 2. Nf3 Nc6 3. Bb5 Nge7 4. d4 exd4 5. Nxd4 Nxd4 6. Qxd4 a6 7. Qa4 Rb8
8. Be2 b5 9. Qb3 Bb7 10. Nc3 c5 11. Nd5 c4 12. Qf3 Nc6 13. Be3 Ne5 14. Qg3 Bxd5
15. exd5 d6 16. O-O Ng6 17. Bd4 Be7 18. Bxg7 Rg8 19. Bd4 Kf8 20. Qh3 Bh4 21. f4
Qe7 22. Bh5 Qe4 23. Be3 Re8 24. Rf3 Qxd5 25. f5 Rxe3 26. Rxe3 Nf4 27. Qf3 Nxg2
1/2-1/2

[Event "Frankfurter Stadtmeisterschaft 2005"]
[Site "Ffm-Kalbach, LAZ"]
[Date "2005.04.25"]
[Round "1"]
[White "Genis, Roy"]
[Black "Schalow, Daniel"]
[Result "1/2-1/2"]
[WhiteElo "1697"]
[BlackElo "2032"]
[PlyCount "111"]
[EventDate "2005.??.??"]

1. e4 d5 2. exd5 Qxd5 3. Nc3 Qa5 4. d4 c6 5. Nf3 Nf6 6. Bc4 Bg4 7. h3 Bxf3 8.
Qxf3 e6 9. O-O Bd6 10. Ne4 Nxe4 11. Qxe4 O-O 12. Bd3 Qh5 13. Be2 Qg6 14. Qxg6
hxg6 15. Re1 Nd7 16. c3 Nf6 17. Bd3 b5 18. Bg5 Nd5 19. a3 f6 20. Rxe6 Rad8 21.
Bd2 Kf7 22. Rae1 Nb6 23. R6e4 a6 24. Bc2 Rd7 25. Bb3+ Nc4 26. Bxc4+ bxc4 27.
Bf4 Bxf4 28. Rxf4 Rb8 29. Re2 Rdb7 30. Rfe4 Rxb2 31. Re7+ Kf8 32. Rxb2 Rxb2 33.
Rc7 Rb1+ 34. Kh2 Rb6 35. a4 a5 36. Ra7 Rb3 37. Rxa5 Ke7 38. Rc5 Rxc3 39. Rxc6
Kd7 40. Rc5 Kd6 41. a5 g5 42. a6 Ra3 43. Rxc4 Rxa6 44. Kg3 f5 45. Rc5 Ra3+ 46.
f3 g6 47. Rc4 Ra2 48. Rb4 f4+ 49. Kh2 Ke6 50. Rb6+ Kf5 51. Rd6 Rd2 52. d5 Re2
53. Ra6 Rd2 54. Ra5 Kf6 55. Ra6+ Kf5 56. Ra5 1/2-1/2

[Event "Frankfurter Stadtmeisterschaft 2005"]
[Site "Ffm-Kalbach, LAZ"]
[Date "2005.04.25"]
[Round "1"]
[White "Hülsdunk, Heinz-Jürgen"]
[Black "Blum, Ralph"]
[Result "1-0"]
[WhiteElo "1691"]
[BlackElo "2013"]
[PlyCount "68"]
[EventDate "2005.??.??"]

1. d4 e6 2. c4 f5 3. Nf3 d6 4. g3 Be7 5. Bg2 Nf6 6. Nc3 O-O 7. O-O Qe8 8. Qc2
Qg6 9. Nh4 Qh5 10. f4 Nc6 11. e3 Kh8 12. a3 h6 13. b4 g5 14. Nf3 Ng4 15. d5 Nd8
16. h3 Nf6 17. fxg5 hxg5 18. Nd4 g4 19. h4 exd5 20. cxd5 Nh7 21. Nce2 c5 22.
dxc6 bxc6 23. Nxc6 Nxc6 24. Qxc6 Rb8 25. Nf4 Qf7 26. Bb2+ Bf6 27. Bd5 Qg7 28.
Nh5 Qe7 29. Rae1 Be5 30. Nf4 Kg7 31. e4 Nf6 32. exf5 Nxd5 33. Nxd5 Qf7 34. f6+
Kh8 {Rest unklar} 1-0

[Event "Frankfurter Stadtmeisterschaft 2005"]
[Site "Ffm-Kalbach, LAZ"]
[Date "2005.04.25"]
[Round "1"]
[White "Filmann, Andreas"]
[Black "Diaz, Joaquin"]
[Result "1/2-1/2"]
[WhiteElo "1685"]
[BlackElo "2012"]
[PlyCount "76"]
[EventDate "2005.??.??"]

1. e4 Nf6 2. Nc3 d5 3. exd5 Nxd5 4. Nxd5 Qxd5 5. Qf3 c6 6. Qxd5 cxd5 7. Bb5+
Nc6 8. Nf3 Bd7 9. c3 e6 10. O-O Bd6 11. Re1 Rc8 12. d3 Nb8 13. Bxd7+ Nxd7 14.
Be3 O-O 15. Bd4 a6 16. Ne5 Rfd8 17. Nxd7 Rxd7 18. Re2 b5 19. Kf1 Kf8 20. a3 Rb7
21. g3 h5 22. f4 g6 23. Ke1 a5 24. Kd1 b4 25. axb4 axb4 26. Ra6 Ke7 27. Rc2
bxc3 28. bxc3 Kd7 29. Ra7 Rxa7 30. Bxa7 h4 31. c4 hxg3 32. hxg3 Rh8 33. cxd5
exd5 34. Rg2 Ra8 35. Bd4 Ra4 36. Be3 Ke6 37. Rb2 Bb4 38. Ke2 Bd6 1/2-1/2

[Event "Frankfurter Stadtmeisterschaft 2005"]
[Site "Ffm-Kalbach, LAZ"]
[Date "2005.04.25"]
[Round "1"]
[White "Behnick, Eckhard"]
[Black "Rondio, Thomas"]
[Result "1-0"]
[WhiteElo "2009"]
[BlackElo "1680"]
[PlyCount "45"]
[EventDate "2005.??.??"]

1. e4 e5 2. d4 exd4 3. Qxd4 Nc6 4. Qe3 d6 5. Nc3 Nf6 6. Bd2 g6 7. O-O-O Bg7 8.
Bc4 O-O 9. Nf3 Be6 10. Bxe6 fxe6 11. Ng5 Qd7 12. f3 Ne5 13. Qe2 Rad8 14. Kb1
Nh5 15. Nh3 d5 16. Bg5 Nc4 17. Bxd8 Bxc3 18. Qxc4 Rxd8 19. Qxc3 b6 20. exd5
exd5 21. Rhe1 c5 22. Qe5 Ng7 23. Qe7 1-0

[Event "Frankfurter Stadtmeisterschaft 2005"]
[Site "Ffm-Kalbach, LAZ"]
[Date "2005.04.25"]
[Round "1"]
[White "Stein, Wolfgang"]
[Black "Gramlich, Sebastian"]
[Result "1/2-1/2"]
[WhiteElo "1676"]
[BlackElo "1994"]
[PlyCount "120"]
[EventDate "2005.??.??"]

1. e4 d5 2. d4 dxe4 3. f3 e5 4. d5 Bc5 5. Nc3 c6 6. fxe4 Nh6 7. Be2 Bxg1 8.
Rxg1 Qh4+ 9. g3 Qxh2 10. Be3 f5 11. dxc6 bxc6 12. Qd6 Nf7 13. Qc5 Nd7 14. Qa3
f4 15. gxf4 exf4 16. Bd4 Qh4+ 17. Bf2 Qh6 18. Bf3 Nde5 19. Ne2 Qd6 20. Qc3
Nxf3+ 21. Qxf3 Ne5 22. Qc3 f3 23. Nd4 O-O 24. O-O-O Qf6 25. Kb1 Ng4 26. Qc4+
Kh8 27. Rxg4 Bxg4 28. e5 Qxe5 29. Nxc6 Qe2 30. Qd4 Rac8 31. Re1 Rfd8 32. Qxd8+
Rxd8 33. Nxd8 Qb5 34. Nf7+ Kg8 35. Nd6 Qd7 36. Re8+ Qxe8 37. Nxe8 Kf7 38. Nc7
g5 39. Kc1 h5 40. a3 h4 41. Nd5 Kg6 42. Kd2 Kf5 43. Ne3+ Kf4 44. c4 Be6 45. b4
h3 46. Nf1 Bxc4 47. Nh2 g4 48. Bxa7 Kg3 49. Bb8+ Kg2 50. Nxg4 Bb5 51. Ke3 Bc6
52. Nh2 f2 53. Kd4 f1=Q 54. Nxf1 Kxf1 55. Kc5 Bg2 56. b5 Ke2 57. a4 Kd3 58. a5
Kc3 59. a6 Kb3 60. b6 Bf1 1/2-1/2

[Event "Frankfurter Stadtmeisterschaft 2005"]
[Site "Ffm-Kalbach, LAZ"]
[Date "2005.04.25"]
[Round "1"]
[White "Völker, Sebastian"]
[Black "Bender, Manfred"]
[Result "1-0"]
[WhiteElo "1989"]
[BlackElo "1676"]
[PlyCount "55"]
[EventDate "2005.??.??"]

1. e4 c5 2. Nf3 Nc6 3. d4 cxd4 4. Nxd4 d6 5. Nc3 Nf6 6. Be3 g6 7. f3 Bg7 8. Qd2
O-O 9. O-O-O a6 10. g4 Qc7 11. h4 b5 12. g5 Nh5 13. Nd5 Qa5 14. Nxe7+ Kh8 15.
Nexc6 Qxa2 16. Qa5 Qxa5 17. Nxa5 Bd7 18. Bh3 Bxh3 19. Rxh3 Rad8 20. Ne2 Rd7 21.
Nf4 Nxf4 22. Bxf4 Rfd8 23. h5 Kg8 24. h6 Be5 25. Be3 Rc8 26. f4 Bh8 27. Bb6 Kf8
28. Rhd3 1-0

[Event "Frankfurter Stadtmeisterschaft 2005"]
[Site "Ffm-Kalbach, LAZ"]
[Date "2005.04.25"]
[Round "1"]
[White "Höhler, Bernd"]
[Black "Lisanti, Marco"]
[Result "0-1"]
[WhiteElo "1654"]
[BlackElo "1988"]
[PlyCount "82"]
[EventDate "2005.??.??"]

1. e4 e5 2. Nf3 Nc6 3. Bb5 a6 4. Ba4 Nf6 5. O-O Be7 6. Re1 b5 7. Bb3 O-O 8. c3
d5 9. exd5 Nxd5 10. Nxe5 Nxe5 11. Rxe5 c6 12. d4 Bd6 13. Re1 Qh4 14. g3 Qh3 15.
Qf3 Be6 16. Be3 Rae8 17. Nd2 f5 18. Bf4 Bxf4 19. gxf4 Qh6 20. Re5 Rf6 21. Rae1
Ref8 22. Nf1 a5 23. a3 a4 24. Ba2 Kh8 25. Ng3 Nxf4 26. Bxe6 Nxe6 27. d5 Ng5 28.
Qg2 f4 29. Nf5 Qh5 30. Nxg7 Nh3+ 31. Kf1 Qh6 32. Nf5 f3 33. Qxf3 Ng5 34. Qg3
Rxf5 35. Rxf5 Rxf5 36. Re8+ Kg7 37. d6 Rd5 38. h4 Qg6 39. Re7+ Nf7 40. Qf4 Rd1+
41. Re1 Qd3+ 0-1

[Event "Frankfurter Stadtmeisterschaft 2005"]
[Site "Ffm-Kalbach, LAZ"]
[Date "2005.04.25"]
[Round "1"]
[White "Benninger, Rudolf"]
[Black "Gehlhar, Michael"]
[Result "1-0"]
[WhiteElo "1985"]
[BlackElo "1647"]
[PlyCount "55"]
[EventDate "2005.??.??"]

1. e4 d6 2. d4 g6 3. Be3 Nf6 4. Nc3 Bg7 5. Qd2 c6 6. Nf3 Nbd7 7. O-O-O b5 8.
Bd3 b4 9. Ne2 a5 10. Bh6 O-O 11. h3 Ba6 12. Bxg7 Kxg7 13. g4 Bxd3 14. Qxd3 Qc7
15. Ng3 Nb6 16. g5 Nfd7 17. h4 d5 18. h5 a4 19. Rh4 Nc4 20. Rdh1 Rh8 21. e5 e6
22. Nd2 Nxd2 23. Kxd2 c5 24. c3 cxd4 25. cxd4 Rac8 26. Ne2 Qd8 27. hxg6 Qxg5+
28. f4 1-0

[Event "Frankfurter Stadtmeisterschaft 2005"]
[Site "Ffm-Kalbach, LAZ"]
[Date "2005.04.25"]
[Round "1"]
[White "Pelda, Jaromir"]
[Black "Rubel, Julian"]
[Result "0-1"]
[WhiteElo "1645"]
[BlackElo "1981"]
[PlyCount "50"]
[EventDate "2005.??.??"]

1. e4 c5 2. Nf3 e6 3. c3 Nf6 4. d3 d5 5. Nbd2 Nc6 6. g3 Be7 7. Bg2 O-O 8. O-O
Re8 9. Qe2 b5 10. Re1 Qb6 11. h3 a5 12. Kh2 a4 13. Ng1 b4 14. e5 bxc3 15. bxc3
Nd7 16. f4 Qa5 17. Bb2 a3 18. Nb3 Qa4 19. Bc1 Ba6 20. Qd1 c4 21. dxc4 Bxc4 22.
Ne2 Nc5 23. Ned4 Nxd4 24. Nxc5 Qxd1 25. Rxd1 Nc2 0-1

[Event "Frankfurter Stadtmeisterschaft 2005"]
[Site "Ffm-Kalbach, LAZ"]
[Date "2005.04.25"]
[Round "1"]
[White "Calvi, Stefan"]
[Black "Bauer, Timo"]
[Result "1-0"]
[WhiteElo "1979"]
[BlackElo "1638"]
[PlyCount "75"]
[EventDate "2005.??.??"]

1. e4 c5 2. c3 e5 3. d4 Nc6 4. Nf3 exd4 5. cxd4 d5 6. exd5 Qxd5 7. Nc3 Qe6+ 8.
Be2 cxd4 9. Nxd4 Nxd4 10. Qxd4 Bd6 11. O-O Qe5 12. Bb5+ Kf8 13. Qxe5 Bxe5 14.
Re1 f6 15. Be3 Be6 16. f4 Bxc3 17. Bc5+ Kf7 18. bxc3 Nh6 19. Re2 b6 20. Bb4 a6
21. Bc6 Ra7 22. Rae1 Bc4 23. Re7+ Rxe7 24. Rxe7+ Kg6 25. Be8+ Kf5 26. h3 Rxe8
27. Rxe8 Kxf4 28. a4 Nf7 29. Rb8 Bb3 30. Rxb6 Bxa4 31. Rxa6 Bb3 32. Bf8 g6 33.
Rxf6+ Ke4 34. Rb6 Bc4 35. Kf2 Kd5 36. Ke3 Bf1 37. Rf6 Ne5 38. Rxf1 1-0

[Event "Frankfurter Stadtmeisterschaft 2005"]
[Site "Ffm-Kalbach, LAZ"]
[Date "2005.04.25"]
[Round "1"]
[White "Enderlin, Rolf"]
[Black "Henzner, Reiner"]
[Result "0-1"]
[WhiteElo "1636"]
[BlackElo "1976"]
[PlyCount "102"]
[EventDate "2005.??.??"]

1. d4 Nf6 2. c4 g6 3. Nf3 Bg7 4. Nc3 d5 5. Bg5 c5 6. dxc5 Qa5 7. Qa4+ Qxa4 8.
Nxa4 Ne4 9. Rc1 Nxg5 10. Nxg5 Bh6 11. f4 f6 12. Nf3 Bxf4 13. Rc3 Bd7 14. Ra3
Bxa4 15. Rxa4 dxc4 16. Rxc4 Bc7 17. Nd4 Kf7 18. g3 Be5 19. Bg2 Nd7 20. Bd5+ Ke8
21. Ne6 Rb8 22. b4 Nf8 23. O-O Nxe6 24. Bxe6 Rd8 25. Rf3 Kf8 26. a4 Kg7 27. b5
Rd4 28. c6 bxc6 29. bxc6 Rc8 30. Rc1 Rc7 31. Ra3 Rd6 32. Bd7 Bb2 33. Rca1 a5
34. R3a2 Bxa1 35. Rxa1 Rd4 36. Kf2 Rc4 37. Ra3 Ra7 38. Ke3 e5 39. Kf2 Kf8 40.
Ke3 Ke7 41. Kd3 Rb4 42. Ke3 Kd6 43. Kf3 Ra8 44. Ke3 Rab8 45. Kf2 Kc7 46. Kf1
Rb3 47. Ra2 Rb2 48. Ra3 R8b3 49. Ra1 Rb1+ 50. Rxb1 Rxb1+ 51. Kf2 Ra1 0-1

[Event "Frankfurter Stadtmeisterschaft 2005"]
[Site "Ffm-Kalbach, LAZ"]
[Date "2005.04.25"]
[Round "1"]
[White "Karsten, Heinrich"]
[Black "Bitzer, Andre"]
[Result "0-1"]
[WhiteElo "1975"]
[BlackElo "1624"]
[PlyCount "98"]
[EventDate "2005.??.??"]

1. c4 Nf6 2. g3 e6 3. Bg2 d5 4. Nf3 Nc6 5. b3 b6 6. O-O Bb7 7. Bb2 Bd6 8. d4
O-O 9. Nc3 Ne7 10. Re1 c5 11. e4 dxe4 12. Ng5 cxd4 13. Ncxe4 Nxe4 14. Nxe4 Nc6
15. Nxd6 Qxd6 16. Bxd4 Qxd4 17. Qxd4 Nxd4 18. Bxb7 Rab8 19. Rad1 Rfd8 20. Be4
Ne2+ 21. Kf1 Rxd1 22. Rxd1 Nc3 23. Re1 Nxa2 24. Ra1 Nc3 25. Bf3 a5 26. Rc1 Na2
27. Rd1 Nb4 28. Rd6 Na6 29. Bd1 g6 30. Ke2 Nc5 31. Ke3 Kf8 32. Bc2 Ke7 33. Rd1
Rd8 34. Rxd8 Kxd8 35. Kd4 Ke7 36. f4 f6 37. h4 Kd6 38. Kc3 e5 39. b4 axb4+ 40.
Kxb4 e4 41. Kc3 Ke6 42. Kd4 f5 43. Bd1 Kd6 44. h5 Ne6+ 45. Kc3 Kc5 46. hxg6
hxg6 47. Ba4 Ng7 48. Bb5 Nh5 49. Be8 Nxg3 0-1

[Event "Frankfurter Stadtmeisterschaft 2005"]
[Site "Ffm-Kalbach, LAZ"]
[Date "2005.04.25"]
[Round "1"]
[White "Müller, Pascal"]
[Black "Noble, Alexander"]
[Result "0-1"]
[WhiteElo "1617"]
[BlackElo "1972"]
[PlyCount "118"]
[EventDate "2005.??.??"]

1. e4 e6 2. d4 d5 3. e5 c5 4. c3 Qb6 5. Nf3 Bd7 6. Na3 Nc6 7. Nc2 cxd4 8. Ncxd4
Nge7 9. Bd3 Nxd4 10. Nxd4 Nc6 11. Nxc6 bxc6 12. Qe2 Be7 13. O-O c5 14. Kh1 Rb8
15. c4 dxc4 16. Bxc4 Bb5 17. Bxb5+ Qxb5 18. Qxb5+ Rxb5 19. Be3 Rxb2 20. Rab1
Rb6 21. Rbc1 Rc6 22. Rfd1 Rc7 23. g3 O-O 24. Rc4 h6 25. Kg2 Rb8 26. Rdc1 Rd8
27. Kf3 Rd5 28. Ke4 Kh7 29. f4 f5+ 30. exf6 gxf6 31. g4 Bd6 32. h3 Kg7 33. R1c2
h5 34. Rd2 Rxd2 35. Bxd2 hxg4 36. hxg4 Rb7 37. Bc3 Kf7 38. f5 Rb1 39. Ra4 Bb8
40. fxe6+ Kxe6 41. Ra6+ Rb6 42. Ra5 Rc6 43. Ra4 a6 44. Rc4 Bd6 45. Ba5 Rc8 46.
Bb6 Rg8 47. Kf3 Kd5 48. Rc2 Re8 49. Ba5 Be5 50. Bd2 Bd4 51. Bf4 c4 52. a4 c3
53. a5 Kc4 54. g5 fxg5 55. Bxg5 Kd3 56. Rh2 Rf8+ 57. Kg4 Rf2 58. Rh7 c2 59. Rh6
Rg2+ 0-1

[Event "Frankfurter Stadtmeisterschaft 2005"]
[Site "Ffm-Kalbach, LAZ"]
[Date "2005.04.25"]
[Round "1"]
[White "Bischoff, Ulrich"]
[Black "Pröstler, Rene"]
[Result "1-0"]
[WhiteElo "1971"]
[BlackElo "1615"]
[PlyCount "25"]
[EventDate "2005.??.??"]

1. e4 e5 2. Nf3 Nc6 3. Bb5 Nf6 4. O-O Bc5 5. c3 a6 6. Bxc6 dxc6 7. Nxe5 Nxe4 8.
Qe2 Qd5 9. d4 Be7 10. Re1 Nd6 11. Ng6 Be6 12. Nxh8 O-O-O 13. Nxf7 1-0